MDQL
is popping MORE tags! Check the
thread
!
Quizzes
Events
Quiz Creation
Community
Videos
Private Events
Remove Ads
Sign In
Join for FREE
Feedback
Dark Mode
Quiz Categories
Sports
Geography
Music
Movies
Television
Just For Fun
Miscellaneous
History
Literature
Language
Science
Gaming
Entertainment
Religion
Holiday
For Kids
Quiz Lab
Recent
Popular Today
Quiz Kudos Today
Editor Picks
Curator Picks
Quizzes by...
Day
Popularity
Type
Ratings
Length
Year
Community
Subscriptions
Recent Discussions
Orange Saloon
Badges
Playlists
Quests
Create
Leaderboards
Showdown
Live 5
Trivia Bingo
Activity
Puzzle Library
Sporcle Events
Private Events
Virtual Trivia
Globe League
Become a Host
Pub Owners
SporcleCon
Opinionation
Our Games
Videos
Blog
Mobile Apps
Partnerships
Remove Ads and Go Orange
Feedback
Music
Pop Music
The Beatles
Song
Album
Lyrics
Bands
Singers
Artist
Clip
Rock
Rap
Classical
Billboard
Country Music
Kpop
Taylor Swift
Music
Pop Music
The Beatles
Song
Album
Lyrics
Bands
Singers
Artist
Clip
Rock
Rap
Classical
Billboard
Country Music
Kpop
Taylor Swift
Random Quiz
Search Sporcle
×
Quiz Lab
Quiz Lab
Music
Rap
Type in answers that appear in a list
Type in answers that appear in a list
Classic
Best Score? Go Orange.
Calle 13 & Residente Songs Stats
Can you name all the songs from the Puerto Rican band Calle 13 and his former singer Residente?
By
Koscielny
8m
90 Questions
68 Plays
68 Plays
68 Plays
Comments
Comments
Give Quiz Kudos
Give Quiz Kudos
-
- Ratings
hide this ad
Replay
Link that replays current quiz
Next Quiz
Link to next quiz in quiz playlist
You Got
0%
They Got
Avg Score
32%
Avg Friend Score
Upgrade to see
Score Distribution
Jump to the score distribution portion of the page
Score
0/90
Timer
08:00
0
Plays Today
% Correct
Atrévete-te-te
85.3%
Latinoamérica
75%
Muerte en Hawaii
67.6%
El Aguante
63.2%
La Vuelta al Mundo
58.8%
Adentro
58.8%
Multi Viral
57.4%
La Bala
54.4%
Ojos Color Sol
54.4%
Tango del Pecado
52.9%
Milo
52.9%
John, el Esquizofrénico
51.5%
Baile de los Pobres
51.5%
Guerra
51.5%
Desencuentro
50%
Un Beso de Desayuno
48.5%
La Cumbia de los Aburridos
48.5%
La Perla
48.5%
Intro - El Viaje
48.5%
Intro
47.1%
Intro - Crónica de un Nacimiento
47.1%
Intro
47.1%
Intro ADN / DNA
47.1%
Suave
44.1%
Pal' Norte
42.6%
No Hay Nadie Como Tú
42.6%
Los de Atrás Vienen Conmigo
42.6%
Así de Grandes son las Ideas
41.2%
Calma Pueblo
39.7%
Se vale to-to
38.2%
% Correct
Intro Fiesta de Locos
38.2%
Fiesta de Locos
38.2%
Vamo' a Portarnos Mal
38.2%
Inter - En Annunakilandia
36.8%
Me Vieron Cruzar
36.8%
Electro Movimiento
35.3%
Interludio - Un Buen Día Para Morir
35.3%
Los Idiotas
35.3%
Interludio Haruna Fati
35.3%
Apocalíptico
35.3%
La Jirafa
33.8%
Interludio - Stupid is as Stupid Does
33.8%
Gato que Avanza, Perro que Ladra
33.8%
Somos Anormales
33.8%
Interludio Entre Montañas Siberianas
33.8%
La Fokin' Moda
32.4%
Hijos del Cañaveral
32.4%
Que Lloren
30.9%
Una Leyenda China
29.4%
Ven y Critícame
27.9%
Digo lo que Pienso
27.9%
Respira el Momento
27.9%
Outro
26.5%
Outro
26.5%
Dagombas en Tamale
26.5%
El Futuro es Nuestro
26.5%
Fuera de la Atmósfera del Cráneo
25%
La Sombra
25%
Cabe-C-O
23.5%
Tengo Hambre
23.5%
% Correct
La Aguacatona
22.1%
Sin Coro
22.1%
Cuando los Pies Besan el Piso
22.1%
El Hormiguero
20.6%
Perseguido
20.6%
El Avión se Cae
19.1%
Gringo Latin Funk
19.1%
Hormiga Brava
17.6%
Sin Exagerar
17.6%
La Crema
17.6%
La Tripleta
16.2%
Mala Suerte con el 13
16.2%
La Era de la Copiaera
16.2%
Esto con Eso
16.2%
Prepárame la Cena
16.2%
Pi-Di-Di-Di
14.7%
Algo Con-Sentido
14.7%
La Madre de los Enanos
13.2%
Bienvenidos a mi Mundo
13.2%
Vamo' Animal
11.8%
Eléctrico
11.8%
Llégale a mi Guarida
11.8%
Uiyi Guaye
11.8%
A Limpiar el Sucio
10.3%
Todo se Mueve
7.4%
La comemielda
5.9%
Tal para Cual
5.9%
Interlude
5.9%
Puffy Hablando
4.4%
Ayala
1.5%
Quiz Playlist
Details
Report
Send in Message
Add To Playlist
Classic:
Type in answers that appear in a list
Last Updated: Oct 29, 2017
Quiz Scoreboard
CHALLENGE
Sign Up to Join the Scoreboard
Show All
Scores
Hide
Comments
May contain spoilers
Recently Published
Colored Red Africa Blitz
by spor1
Geography
30s
Find the 'City' Movie
by crazypaving
Movies
60s
5x2 Blitz: Bands
by SL_Kpop136
Music
30s
More to Explore
Quiz From the Vault
Featured Blog Post
14 Easter Pick-up Lines to Find Eggs With
hide this ad
You Might Also Like...
Tags
Rap Quiz
Hip-Hop
Latin America
Puerto Rico
Rap Group
Rap Songs
Today's Top Quizzes in Music
Browse Music
hide this ad
Today's Top Quizzes in Rap
Browse Rap
Top Contributed Quizzes in Music
1
5X2 Blitz: Bands II
2
Taylor Swift All Songs (2024)
3
Taylor Swift Logic Puzzle II
4
5X2 Blitz: The Beatles
5
5X2 Blitz: Billboard
6
Taylor Swift Logic Puzzle
7
5X2 Blitz: Billboard II
8
5X2 Blitz: Album
9
5X2 Blitz: Singers
10
Music Artist by Three 2010s hits
Explore More
Trending Topics
Crossword
NBA
Kpop
Disney
Marvel
Harry Potter
Anime
NFL
Puzzle
The Office
Country
WWE
Pokémon
Song
Soccer
hide this ad
More By:
Koscielny
Quiz
Plays
Rating
Category
Featured
Created
50 Songs by System of a Down
6,150
5.00
Music
Apr 28, 2016
Football champions who Marty McFly didn't see
5,493
4.72
Sports
Oct 21, 2015
Teams in World Cup 2018 that were not in 2014
1,671
4.67
Sports
Dec 3, 2017
Goodbye, River Plate
1,063
5.00
Sports
Jun 13, 2019
Goodbye, Boca Juniors
1,005
5.00
Sports
Jun 13, 2019
Go to Creator's Profile
Score Distribution
Quiz Creator Spotlight
Koscielny
Follow
Send a Message
Quizzes Created
-
Created Quiz Play Count
-
More By This Creator
Popular Quizzes Today
1
Colored Red Africa Blitz
2
Find the 'City' Movie
3
Find the US States - No Outlines Minefield
4
5x2 Blitz: Bands
5
The Countries of the World
6
Find the US States
7
US States
8
9x9 Crossword: Cartoon Network
More Music Quizzes
► Lyric Map: Paranoid
Curator's Pick
Trending Quizzes
Colored Red Europe Blitz I
Colored Red Europe Blitz II
Colored Red Africa Blitz II
Colored Red Africa Blitz III
Colored Red Europe Blitz III
Recently Updated
Godzilla Movies
pecheneg
Grab Bag: 4-10 Letters
pecheneg
2024 March Madness Bracket
pecheneg
Famous TV Couples
Peacemaker
Champions League XIs: Real Madrid
pecheneg
Largest US Cities 1790-2010
pecheneg
Rides in Walt Disney World
pecheneg
Most Oscar Losses (Acting)
pecheneg
Beyoncé Albums
pecheneg
Leaping Animals
pecheneg
Trending Topics
Anime
Kpop
Crossword
Disney
Marvel
NBA
Harry Potter
NFL
The Office
Soccer
Puzzle
Song
Country
Pokémon
WWE
Your Account Isn't Verified!
In order to create a playlist on Sporcle, you need to verify the email address you used during registration. Go to your
Sporcle Settings
to finish the process.
Report this User
Report this user for behavior that violates our
Community Guidelines
.
Details:
Send Report
Go to the Sporcle.com Mobile Site →
Comments